<?xml version="1.0" encoding="UTF-8"?>
<record
    xmlns:xsi="http://www.w3.org/2001/XMLSchema-instance"
    xsi:schemaLocation="http://www.loc.gov/MARC21/slim http://www.loc.gov/standards/marcxml/schema/MARC21slim.xsd"
    xmlns="http://www.loc.gov/MARC21/slim">

  <leader>00779nam a22001577a 4500</leader>
  <controlfield tag="003">OSt</controlfield>
  <controlfield tag="005">20170803145445.0</controlfield>
  <controlfield tag="008">170803b        xxu||||| |||| 00| 0 eng d</controlfield>
  <datafield tag="040" ind1=" " ind2=" ">
    <subfield code="c">RUA</subfield>
  </datafield>
  <datafield tag="082" ind1=" " ind2=" ">
    <subfield code="a">AGR LY 2015 B566 Or.1</subfield>
  </datafield>
  <datafield tag="100" ind1=" " ind2=" ">
    <subfield code="9">11763</subfield>
    <subfield code="a">LY DARITH; &#x179B;&#x17B8;&#x200B; &#x178A;&#x17B6;&#x179A;&#x17B7;&#x1791;&#x17D2;&#x1792;</subfield>
  </datafield>
  <datafield tag="245" ind1=" " ind2=" ">
    <subfield code="a">Effect of using chemical fertilizers in different rate on chinese kale at kbal koh vegetable research station; &#x17A5;&#x1791;&#x17D2;&#x1792;&#x17B7;&#x1796;&#x179B;&#x1793;&#x17C3;&#x1780;&#x17B6;&#x179A;&#x1794;&#x17D2;&#x179A;&#x17BE;&#x1794;&#x17D2;&#x179A;&#x17B6;&#x179F;&#x17CB;&#x1780;&#x1798;&#x17D2;&#x179A;&#x17B7;&#x178F;&#x1787;&#x17B8;&#x1782;&#x17B8;&#x1798;&#x17B8;&#x1781;&#x17BB;&#x179F;&#x17D7;&#x1782;&#x17D2;&#x1793;&#x17B6;&#x179B;&#x17BE;&#x178A;&#x17C6;&#x178E;&#x17B6;&#x17C6;&#x1781;&#x17B6;&#x178F;&#x17CB;&#x178E;&#x17B6;&#x178A;&#x17BE;&#x1798;&#x1793;&#x17C5;&#x179F;&#x17D2;&#x1790;&#x17B6;&#x1793;&#x17B8;&#x1799;&#x17CD;&#x1796;&#x17B7;&#x179F;&#x17C4;&#x1792;&#x1793;&#x17CD;&#x1796;&#x17BC;&#x1787;&#x1794;&#x1793;&#x17D2;&#x179B;&#x17C2;&#x1780;&#x17D2;&#x1794;&#x17B6;&#x179B;&#x1780;&#x17C4;&#x17C7;</subfield>
  </datafield>
  <datafield tag="260" ind1=" " ind2=" ">
    <subfield code="a">Phnom Penh</subfield>
    <subfield code="b">RUA</subfield>
    <subfield code="c">2015</subfield>
  </datafield>
  <datafield tag="300" ind1=" " ind2=" ">
    <subfield code="a">xi; 38p;</subfield>
    <subfield code="b">ill;</subfield>
    <subfield code="c">29cm;</subfield>
  </datafield>
  <datafield tag="942" ind1=" " ind2=" ">
    <subfield code="2">ddc</subfield>
    <subfield code="c">AGR</subfield>
  </datafield>
  <datafield tag="999" ind1=" " ind2=" ">
    <subfield code="c">11572</subfield>
    <subfield code="d">11572</subfield>
  </datafield>
  <datafield tag="952" ind1=" " ind2=" ">
    <subfield code="0">0</subfield>
    <subfield code="1">0</subfield>
    <subfield code="2">ddc</subfield>
    <subfield code="4">0</subfield>
    <subfield code="6">AGR_LY_2015_000000000000000_B566_OR_1</subfield>
    <subfield code="7">0</subfield>
    <subfield code="9">59601</subfield>
    <subfield code="a">LBB</subfield>
    <subfield code="b">LBB</subfield>
    <subfield code="c">B556</subfield>
    <subfield code="d">2017-08-03</subfield>
    <subfield code="o">AGR LY 2015 B566 Or.1</subfield>
    <subfield code="p">A12221</subfield>
    <subfield code="r">2017-08-03</subfield>
    <subfield code="w">2017-08-03</subfield>
    <subfield code="y">AGR</subfield>
  </datafield>
  <datafield tag="952" ind1=" " ind2=" ">
    <subfield code="0">0</subfield>
    <subfield code="1">0</subfield>
    <subfield code="2">ddc</subfield>
    <subfield code="4">0</subfield>
    <subfield code="6">AGR_LY_2015_000000000000000_B566_OR_2</subfield>
    <subfield code="7">0</subfield>
    <subfield code="9">59602</subfield>
    <subfield code="a">LBB</subfield>
    <subfield code="b">LBB</subfield>
    <subfield code="c">B556</subfield>
    <subfield code="d">2017-08-03</subfield>
    <subfield code="l">6</subfield>
    <subfield code="o">AGR LY 2015 B566 Or.2</subfield>
    <subfield code="p">A13371</subfield>
    <subfield code="r">2019-11-29</subfield>
    <subfield code="s">2019-11-16</subfield>
    <subfield code="w">2017-08-03</subfield>
    <subfield code="y">AGR</subfield>
  </datafield>
  <datafield tag="952" ind1=" " ind2=" ">
    <subfield code="0">0</subfield>
    <subfield code="1">0</subfield>
    <subfield code="2">ddc</subfield>
    <subfield code="4">0</subfield>
    <subfield code="6">AGR_LY_2015_000000000000000_B566_OR_3</subfield>
    <subfield code="7">0</subfield>
    <subfield code="9">59603</subfield>
    <subfield code="a">LBB</subfield>
    <subfield code="b">LBB</subfield>
    <subfield code="c">B556</subfield>
    <subfield code="d">2017-08-03</subfield>
    <subfield code="o">AGR LY 2015 B566 Or.3</subfield>
    <subfield code="p">A13168</subfield>
    <subfield code="r">2017-08-03</subfield>
    <subfield code="w">2017-08-03</subfield>
    <subfield code="y">AGR</subfield>
  </datafield>
  <datafield tag="952" ind1=" " ind2=" ">
    <subfield code="0">0</subfield>
    <subfield code="1">0</subfield>
    <subfield code="2">ddc</subfield>
    <subfield code="4">0</subfield>
    <subfield code="6">AGR_LY_2015_000000000000000_B566_OR_4</subfield>
    <subfield code="7">0</subfield>
    <subfield code="9">59604</subfield>
    <subfield code="a">LBB</subfield>
    <subfield code="b">LBB</subfield>
    <subfield code="c">B556</subfield>
    <subfield code="d">2017-08-03</subfield>
    <subfield code="o">AGR LY 2015 B566 Or.4</subfield>
    <subfield code="p">A11365</subfield>
    <subfield code="r">2017-08-03</subfield>
    <subfield code="w">2017-08-03</subfield>
    <subfield code="y">AGR</subfield>
  </datafield>
  <datafield tag="952" ind1=" " ind2=" ">
    <subfield code="0">0</subfield>
    <subfield code="1">0</subfield>
    <subfield code="2">ddc</subfield>
    <subfield code="4">0</subfield>
    <subfield code="6">AGR_LY_2015_000000000000000_B566_OR_5</subfield>
    <subfield code="7">0</subfield>
    <subfield code="9">59605</subfield>
    <subfield code="a">LBB</subfield>
    <subfield code="b">LBB</subfield>
    <subfield code="c">B556</subfield>
    <subfield code="d">2017-08-03</subfield>
    <subfield code="o">AGR LY 2015 B566 Or.5</subfield>
    <subfield code="p">A11160</subfield>
    <subfield code="r">2017-08-03</subfield>
    <subfield code="w">2017-08-03</subfield>
    <subfield code="y">AGR</subfield>
  </datafield>
  <datafield tag="952" ind1=" " ind2=" ">
    <subfield code="0">0</subfield>
    <subfield code="1">0</subfield>
    <subfield code="2">ddc</subfield>
    <subfield code="4">0</subfield>
    <subfield code="6">AGR_LY_2015_000000000000000_B566_OR_6</subfield>
    <subfield code="7">0</subfield>
    <subfield code="9">59606</subfield>
    <subfield code="a">LBB</subfield>
    <subfield code="b">LBB</subfield>
    <subfield code="c">B556</subfield>
    <subfield code="d">2017-08-03</subfield>
    <subfield code="o">AGR LY 2015 B566 Or.6</subfield>
    <subfield code="p">A12271</subfield>
    <subfield code="r">2017-08-03</subfield>
    <subfield code="w">2017-08-03</subfield>
    <subfield code="y">AGR</subfield>
  </datafield>
  <datafield tag="952" ind1=" " ind2=" ">
    <subfield code="0">0</subfield>
    <subfield code="1">0</subfield>
    <subfield code="2">ddc</subfield>
    <subfield code="4">0</subfield>
    <subfield code="6">AGR_LY_2015_000000000000000_B566_OR_7</subfield>
    <subfield code="7">0</subfield>
    <subfield code="9">59607</subfield>
    <subfield code="a">LBB</subfield>
    <subfield code="b">LBB</subfield>
    <subfield code="c">B556</subfield>
    <subfield code="d">2017-08-03</subfield>
    <subfield code="l">3</subfield>
    <subfield code="o">AGR LY 2015 B566 Or.7</subfield>
    <subfield code="p">A12861</subfield>
    <subfield code="r">2023-11-06</subfield>
    <subfield code="s">2023-11-03</subfield>
    <subfield code="w">2017-08-03</subfield>
    <subfield code="y">AGR</subfield>
  </datafield>
  <datafield tag="952" ind1=" " ind2=" ">
    <subfield code="0">0</subfield>
    <subfield code="1">0</subfield>
    <subfield code="2">ddc</subfield>
    <subfield code="4">0</subfield>
    <subfield code="6">AGR_LY_2015_000000000000000_B566_OR_8</subfield>
    <subfield code="7">0</subfield>
    <subfield code="9">59608</subfield>
    <subfield code="a">LBB</subfield>
    <subfield code="b">LBB</subfield>
    <subfield code="c">B556</subfield>
    <subfield code="d">2017-08-03</subfield>
    <subfield code="l">1</subfield>
    <subfield code="o">AGR LY 2015 B566 Or.8</subfield>
    <subfield code="p">A12525</subfield>
    <subfield code="r">2019-05-29</subfield>
    <subfield code="s">2019-05-28</subfield>
    <subfield code="w">2017-08-03</subfield>
    <subfield code="y">AGR</subfield>
  </datafield>
</record>
